[Event "Titled Tuesday intern op 10th Jan Late"]
[Site "Chess.com INT"]
[Date "2023.01.10"]
[Round "1"]
[White "Yang, Kevin S"]
[Black "Savic, Miroslav"]
[Result "1-0"]
[WhiteElo "2082"]
[BlackElo "2167"]
[PlyCount "93"]
[EventDate "2023.01.10"]
[EventType "swiss (blitz)"]
[EventRounds "11"]
[EventCountry "USA"]
[SourceTitle "EXT 2024"]
[Source "ChessBase"]
[SourceDate "2023.10.10"]
[SourceVersion "1"]
[SourceVersionDate "2023.10.10"]
[SourceQuality "1"]

1. d4 Nf6 2. Nc3 e6 3. a3 c5 4. Nf3 cxd4 5. Nxd4 a6 6. e4 Nc6 7. Nb3 d5 8. Bg5 d4 9. Ne2 e5 10. Ng3 Be7 11. Be2 h6 12. Bd2 Be6 13. 0-0 Bxb3 14. cxb3 d3 15. Bg4 Nd4 16. Bc3 Nxg4 17. Qxg4 Bf6 18. Rad1 Nxb3 19. Nh5 Qd7 20. Nxg7+ Bxg7 21. Qxg7 0-0-0 22. Qxe5 Rhe8 23. Qf4 Qe6 24. Bf6 Rd7 25. Rc1+ Nxc1 26. Rxc1+ Qc6 27. Rxc6+ bxc6 28. Bc3 d2 29. Bxd2 Red8 30. Be1 Rd1 31. Kf1 Rb1 32. Qf6 Rdd1 33. Qxc6+ Kd8 34. Qb6+ Ke8 35. Qb4 Kd7 36. Ke2 Rd6 37. Bc3 Re6 38. Qb7+ Ke8 39. f4 Rg1 40. f5 Rxg2+ 41. Kf3 Rgg6 42. fxg6 fxg6 43. Qc8+ Ke7 44. Bb4+ Kf6 45. Qf8+ Kg5 46. Qf4+ Kh5 47. Qg4# 1-0

[Event "Titled Tuesday intern op 03rd Jan Late"]
[Site "Chess.com INT"]
[Date "2023.01.03"]
[Round "8"]
[White "Mazurkiewicz, Michal"]
[Black "Savic, Miroslav"]
[Result "1-0"]
[WhiteElo "2163"]
[BlackElo "2167"]
[PlyCount "71"]
[EventDate "2023.01.03"]
[EventType "swiss (blitz)"]
[EventRounds "11"]
[EventCountry "USA"]
[SourceTitle "EXT 2024"]
[Source "ChessBase"]
[SourceDate "2023.10.10"]
[SourceVersion "1"]
[SourceVersionDate "2023.10.10"]
[SourceQuality "1"]

1. e4 c5 2. Nf3 d6 3. g3 Nf6 4. d3 g6 5. Bg2 Bg7 6. 0-0 0-0 7. Re1 Nc6 8. e5 dxe5 9. Nxe5 Nxe5 10. Rxe5 Nd7 11. Re1 Rb8 12. Nd2 b5 13. Ne4 Bb7 14. c3 Ne5 15. Bf4 f5 16. Bxe5 Bxe5 17. Nxc5 Bxg2 18. Rxe5 Qd6 19. d4 Bd5 20. Qe2 Rf7 21. a3 Rbf8 22. f4 Ba8 23. h4 Qc6 24. Kh2 a5 25. Re1 b4 26. axb4 axb4 27. cxb4 Rb8 28. d5 Qd6 29. Rxe7 Qxd5 30. Re8+ Rxe8 31. Qxe8+ Kg7 32. Qe5+ Qxe5 33. fxe5 f4 34. gxf4 Rxf4 35. Ne6+ Kh6 36. Nxf4 1-0

[Event "Titled Tuesday intern op 27th Dec Early"]
[Site "Chess.com INT"]
[Date "2022.12.27"]
[Round "3"]
[White "Savic, Miroslav"]
[Black "Samsonkin, Artiom"]
[Result "0-1"]
[WhiteElo "2167"]
[BlackElo "2426"]
[PlyCount "64"]
[EventDate "2022.12.27"]
[EventType "swiss (blitz)"]
[EventRounds "11"]
[EventCountry "USA"]
[SourceTitle "EXT 2024"]
[Source "ChessBase"]
[SourceDate "2023.10.10"]
[SourceVersion "1"]
[SourceVersionDate "2023.10.10"]
[SourceQuality "1"]

1. Nf3 Nf6 2. c4 e6 3. Nc3 d5 4. e4 Nxe4 5. Nxe4 dxe4 6. Ne5 Bd6 7. Qa4+ Nd7 8. d4 0-0 9. Nxd7 Bxd7 10. Qc2 c5 11. Be3 cxd4 12. Bxd4 Bc6 13. Qc3 f6 14. c5 Bc7 15. 0-0-0 Qe7 16. b4 Bd5 17. Bc4 Kh8 18. Rhe1 b6 19. f3 f5 20. Bg1 a5 21. Bxd5 exd5 22. b5 bxc5 23. Rxd5 Qf7 24. Rxc5 Bf4+ 25. Be3 Bxe3+ 26. Rxe3 Qxa2 27. Qc2 Qa1+ 28. Qb1 Qd4 29. Rcc3 Rac8 30. Qc2 Rcd8 31. Kb2 a4 32. Ka3 Qd6+ 0-1

[Event "Titled Tuesday intern op 06th Dec Late"]
[Site "Chess.com INT"]
[Date "2022.12.06"]
[Round "5"]
[White "Sanchez, Roberto Daniel"]
[Black "Savic, Miroslav"]
[Result "0-1"]
[WhiteElo "1971"]
[BlackElo "2167"]
[PlyCount "60"]
[EventDate "2022.12.06"]
[EventType "swiss (blitz)"]
[EventRounds "11"]
[EventCountry "USA"]
[SourceTitle "CBM 211 Extra"]
[Source "ChessBase"]
[SourceDate "2023.01.31"]
[SourceVersion "1"]
[SourceVersionDate "2023.01.31"]
[SourceQuality "1"]

1. e4 c5 2. Nf3 d6 3. d4 cxd4 4. Nxd4 Nf6 5. Nc3 a6 6. Be3 e5 7. Nb3 Be6 8. f3 Be7 9. Qd2 0-0 10. 0-0-0 Qc7 11. g4 b5 12. g5 b4 13. Nd5 Nxd5 14. exd5 Bf5 15. Bd3 Bxd3 16. Qxd3 Rc8 17. Kb1 a5 18. Nd2 a4 19. h4 a3 20. b3 Nd7 21. Ne4 f5 22. gxf6 Nxf6 23. Bg5 Ra5 24. Nxf6+ Bxf6 25. Bxf6 gxf6 26. Rhg1+ Kh8 27. Qf5 Rf8 28. Rg4 Qc3 29. Kc1 Qa1+ 30. Kd2 Rxd5+ 0-1

[Event "Titled Tuesday intern op 06th Dec Late"]
[Site "Chess.com INT"]
[Date "2022.12.06"]
[Round "4"]
[White "Savic, Miroslav"]
[Black "Sivakumar, Shaaketh"]
[Result "0-1"]
[WhiteElo "2167"]
[BlackElo "2338"]
[PlyCount "86"]
[EventDate "2022.12.06"]
[EventType "swiss (blitz)"]
[EventRounds "11"]
[EventCountry "USA"]
[SourceTitle "CBM 211 Extra"]
[Source "ChessBase"]
[SourceDate "2023.01.31"]
[SourceVersion "1"]
[SourceVersionDate "2023.01.31"]
[SourceQuality "1"]

1. Nf3 e6 2. e4 d5 3. Nc3 d4 4. Ne2 Nf6 5. d3 c5 6. g3 Nc6 7. Bg2 Be7 8. 0-0 0-0 9. a4 e5 10. Nd2 Ne8 11. f4 f6 12. f5 Nd6 13. g4 a6 14. Ng3 Rb8 15. b3 b5 16. Nf3 c4 17. axb5 axb5 18. h4 cxd3 19. cxd3 h6 20. Rf2 Nf7 21. Bf1 Bd7 22. Rg2 Ra8 23. Rxa8 Qxa8 24. g5 fxg5 25. hxg5 Nxg5 26. Nxg5 hxg5 27. Nh5 Qa1 28. Nxg7 Kxg7 29. Qh5 Be8 30. Rxg5+ Bxg5 31. Qxg5+ Kf7 32. Qg6+ Ke7 33. Bg5+ Kd7 34. Qe6+ Kc7 35. Be7 Rf7 36. Qd6+ Kb7 37. f6 Qc1 38. Bd8 Rd7 39. Qf8 Qg5+ 40. Bg2 Rxd8 41. f7 Bd7 42. Qc5 Bh3 43. Qxb5+ Kc7 0-1

[Event "Titled Tuesday intern op 22nd Nov Early"]
[Site "Chess.com INT"]
[Date "2022.11.22"]
[Round "2"]
[White "Dudzinski, Pawel"]
[Black "Savic, Miroslav"]
[Result "1/2-1/2"]
[WhiteElo "2186"]
[BlackElo "2171"]
[PlyCount "125"]
[EventDate "2022.11.22"]
[EventType "swiss (blitz)"]
[EventRounds "11"]
[EventCountry "USA"]
[SourceTitle "CBM 211 Extra"]
[Source "ChessBase"]
[SourceDate "2023.01.31"]
[SourceVersion "1"]
[SourceVersionDate "2023.01.31"]
[SourceQuality "1"]

1. e4 c5 2. Nc3 Nc6 3. g3 g6 4. Bg2 Bg7 5. d3 d6 6. Be3 Nd4 7. Qd2 Nf6 8. h3 e5 9. Nd1 0-0 10. c3 Ne6 11. Ne2 d5 12. exd5 Nxd5 13. Bh6 f5 14. Bxg7 Kxg7 15. Ne3 Nxe3 16. fxe3 Qd6 17. 0-0 Rd8 18. Rad1 e4 19. d4 cxd4 20. Nxd4 Nxd4 21. Qxd4+ Qxd4 22. Rxd4 Rxd4 23. cxd4 Be6 24. Rc1 Rc8 25. Rxc8 Bxc8 26. h4 Be6 27. a3 Bc4 28. Kf2 h6 29. g4 Kf6 30. gxf5 Kxf5 31. Bh3+ Kf6 32. Bc8 Bd5 33. Kg3 b6 34. Kf4 g5+ 35. hxg5+ hxg5+ 36. Kg4 Bc4 37. Bb7 Be2+ 38. Kg3 Bf3 39. Bc8 Be2 40. Bb7 Bf3 41. Ba6 Kg6 42. Bf1 Kf5 43. Bh3+ Kf6 44. Bg4 Bxg4 45. Kxg4 Kg6 46. d5 Kf6 47. d6 Ke6 48. Kxg5 Kxd6 49. Kf5 Kd5 50. b3 a6 51. a4 b5 52. a5 Kc5 53. Kxe4 Kb4 54. Kd3 Kxa5 55. e4 Kb6 56. e5 a5 57. Kd4 Kc6 58. e6 Kd6 59. e7 Kxe7 60. Kc5 a4 61. bxa4 bxa4 62. Kb4 Kd6 63. Kxa4 1/2-1/2

[Event "Titled Tuesday intern op 22nd Nov Early"]
[Site "Chess.com INT"]
[Date "2022.11.22"]
[Round "3"]
[White "Savic, Miroslav"]
[Black "Rottenwohrer Suarez, Juan"]
[Result "0-1"]
[WhiteElo "2171"]
[BlackElo "2295"]
[PlyCount "70"]
[EventDate "2022.11.22"]
[EventType "swiss (blitz)"]
[EventRounds "11"]
[EventCountry "USA"]
[SourceTitle "CBM 211 Extra"]
[Source "ChessBase"]
[SourceDate "2023.01.31"]
[SourceVersion "1"]
[SourceVersionDate "2023.01.31"]
[SourceQuality "1"]

1. Nf3 Nf6 2. c4 g6 3. Nc3 Bg7 4. e4 c5 5. Be2 Nc6 6. Kf1 0-0 7. d3 d6 8. Bg5 h6 9. Bh4 a6 10. Qd2 Bg4 11. Bxf6 exf6 12. h3 Be6 13. Nd5 f5 14. exf5 Bxf5 15. g4 Be6 16. Kg2 Bxd5 17. cxd5 Nb4 18. d4 Nxd5 19. dxc5 dxc5 20. Rhd1 Nb4 21. Qe3 Qa5 22. Qb3 b5 23. a3 Nc6 24. Qd5 Nd4 25. Nxd4 cxd4 26. Bf3 Rad8 27. Qb3 Qb6 28. Rac1 Qf6 29. Be4 Rd6 30. Rc7 h5 31. Qf3 Qg5 32. Rdc1 Rf6 33. Qg3 hxg4 34. Qxg4 Qd2 35. Rf1 Rf4 0-1

[Event "Titled Tuesday intern op 22nd Nov Early"]
[Site "Chess.com INT"]
[Date "2022.11.22"]
[Round "7"]
[White "Yurovskich, Oleksandr"]
[Black "Savic, Miroslav"]
[Result "1-0"]
[WhiteElo "2328"]
[BlackElo "2171"]
[PlyCount "63"]
[EventDate "2022.11.22"]
[EventType "swiss (blitz)"]
[EventRounds "11"]
[EventCountry "USA"]
[SourceTitle "CBM 211 Extra"]
[Source "ChessBase"]
[SourceDate "2023.01.31"]
[SourceVersion "1"]
[SourceVersionDate "2023.01.31"]
[SourceQuality "1"]

1. g3 Nf6 2. Bg2 e5 3. e4 Nc6 4. Ne2 d5 5. exd5 Nxd5 6. 0-0 Be6 7. Nbc3 Be7 8. d4 exd4 9. Nxd4 Nxc3 10. bxc3 Nxd4 11. cxd4 Bd5 12. Bxd5 Qxd5 13. Re1 Rd8 14. Ba3 Rd7 15. Qg4 g6 16. Bxe7 Rxe7 17. Qc8+ Qd8 18. Rxe7+ Kxe7 19. Qxb7 Qxd4 20. Qxc7+ Kf6 21. Re1 Rd8 22. c3 Qd6 23. Qxa7 Qd2 24. Qe3 Qd6 25. a4 Ra8 26. Ra1 Rd8 27. a5 Qa6 28. Qh6 Rd5 29. Qxh7 Rxa5 30. Qh8+ Ke6 31. Re1+ Kf5 32. Qh3+ 1-0

[Event "Titled Tuesday intern op 04th Oct Late"]
[Site "Chess.com INT"]
[Date "2022.10.04"]
[Round "2"]
[White "Kashtanov, Ruslan"]
[Black "Savic, Miroslav"]
[Result "1-0"]
[WhiteElo "2376"]
[BlackElo "2171"]
[PlyCount "117"]
[EventDate "2022.10.04"]
[EventType "swiss (blitz)"]
[EventRounds "11"]
[EventCountry "USA"]
[SourceTitle "EXT 2023"]
[Source "ChessBase"]
[SourceDate "2022.10.05"]
[SourceVersion "1"]
[SourceVersionDate "2022.10.05"]
[SourceQuality "1"]

1. d4 Nf6 2. c4 e6 3. g3 Bb4+ 4. Nd2 a5 5. Bg2 0-0 6. Ngf3 Qe7 7. 0-0 Bxd2 8. Bxd2 d6 9. Qc2 Nbd7 10. Bc3 e5 11. dxe5 dxe5 12. Ng5 h6 13. Ne4 Nxe4 14. Qxe4 Re8 15. h3 Nf6 16. Qe3 c6 17. b3 a4 18. g4 axb3 19. axb3 Bd7 20. Qb6 Rxa1 21. Rxa1 Bc8 22. Ra8 e4 23. Bd4 Bd7 24. Qxb7 Rxa8 25. Qxa8+ Kh7 26. Qa7 Qd6 27. Bxf6 Qd1+ 28. Bf1 gxf6 29. Qe3 Qc2 30. Bg2 f5 31. gxf5 Bxf5 32. h4 Qd1+ 33. Kh2 Qc2 34. Qf4 Bg6 35. h5 Qxe2 36. hxg6+ fxg6 37. Qf7+ Kh8 38. Qxg6 Qxf2 39. Qxh6+ Kg8 40. Qg6+ Kh8 41. Qxe4 Qb2 42. Qxc6 Qxb3 43. Qe8+ Kg7 44. Qe7+ Kh6 45. Qf6+ Kh7 46. Be4+ Kg8 47. Bd5+ Kh7 48. Qf5+ Kh6 49. Qf4+ Kh7 50. Be4+ Kg7 51. Bf3 Qc2+ 52. Kg3 Qc3 53. Qg5+ Kf7 54. c5 Ke6 55. Qd5+ Kf6 56. Qd6+ Kf5 57. Qf4+ Ke6 58. c6 Ke7 59. Qg5+ 1-0

[Event "Titled Tuesday intern op 04th Oct Late"]
[Site "Chess.com INT"]
[Date "2022.10.04"]
[Round "11"]
[White "Savic, Miroslav"]
[Black "Thiel, Thomas"]
[Result "1-0"]
[WhiteElo "2171"]
[BlackElo "2230"]
[PlyCount "75"]
[EventDate "2022.10.04"]
[EventType "swiss (blitz)"]
[EventRounds "11"]
[EventCountry "USA"]
[SourceTitle "EXT 2023"]
[Source "ChessBase"]
[SourceDate "2022.10.05"]
[SourceVersion "1"]
[SourceVersionDate "2022.10.05"]
[SourceQuality "1"]

1. Nf3 Nf6 2. c4 g6 3. Nc3 Bg7 4. e4 e5 5. d3 0-0 6. Be2 Nc6 7. Bg5 h6 8. Bxf6 Bxf6 9. Qd2 Bg7 10. 0-0-0 Nd4 11. Nxd4 exd4 12. Nd5 c6 13. Nb4 a5 14. Nc2 a4 15. Bg4 d5 16. Bxc8 Rxc8 17. Rde1 dxc4 18. dxc4 c5 19. f4 b5 20. Na3 b4 21. Nb5 a3 22. b3 Rb8 23. e5 Qd7 24. Rhf1 Rxb5 25. cxb5 Qxb5 26. e6 c4 27. exf7+ Rxf7 28. Qc2 Rc7 29. Qxg6 cxb3+ 30. Kb1 bxa2+ 31. Kxa2 b3+ 32. Kb1 d3 33. Re8+ Qxe8 34. Qxe8+ Kh7 35. Qe4+ Kh8 36. Qa8+ Kh7 37. Qxa3 d2 38. Qxb3 1-0

[Event "Titled Tuesday intern op 20th Sep Late"]
[Site "Chess.com INT"]
[Date "2022.09.20"]
[Round "4"]
[White "Mickiewicz, Piotr"]
[Black "Savic, Miroslav"]
[Result "1-0"]
[WhiteElo "2284"]
[BlackElo "2209"]
[PlyCount "53"]
[EventDate "2022.09.20"]
[EventType "swiss (blitz)"]
[EventRounds "11"]
[EventCountry "USA"]
[SourceTitle "EXT 2023"]
[Source "ChessBase"]
[SourceDate "2022.10.05"]
[SourceVersion "1"]
[SourceVersionDate "2022.10.05"]
[SourceQuality "1"]

1. e4 c5 2. Nf3 d6 3. Bb5+ Nd7 4. Ba4 a6 5. c4 Ngf6 6. Nc3 g6 7. 0-0 Bg7 8. Re1 0-0 9. d4 cxd4 10. Nxd4 Nc5 11. Bc2 e5 12. Nde2 Be6 13. b3 Nh5 14. Be3 b6 15. Qd2 f5 16. exf5 gxf5 17. f4 e4 18. Rad1 Qh4 19. Qxd6 Rad8 20. Qxb6 Nd3 21. Qxe6+ Kh8 22. Rf1 Bxc3 23. Nxc3 Rg8 24. Bxd3 exd3 25. Nd5 Qh3 26. Bd4+ Ng7 27. gxh3 1-0

[Event "Titled Tuesday intern op 20th Sep Late"]
[Site "Chess.com INT"]
[Date "2022.09.20"]
[Round "6"]
[White "Savic, Miroslav"]
[Black "Prieto Aranguren, Alain"]
[Result "0-1"]
[WhiteElo "2209"]
[BlackElo "2274"]
[PlyCount "78"]
[EventDate "2022.09.20"]
[EventType "swiss (blitz)"]
[EventRounds "11"]
[EventCountry "USA"]
[SourceTitle "EXT 2023"]
[Source "ChessBase"]
[SourceDate "2022.10.05"]
[SourceVersion "1"]
[SourceVersionDate "2022.10.05"]
[SourceQuality "1"]

1. Nf3 g6 2. e4 c6 3. h4 d5 4. Nc3 Bg4 5. exd5 cxd5 6. d4 Nc6 7. Bb5 Rc8 8. Qd3 Bxf3 9. Qxf3 Nf6 10. Bg5 Bg7 11. Bxf6 Bxf6 12. Qxd5 Bxd4 13. Bxc6+ bxc6 14. Qxd8+ Rxd8 15. Na4 0-0 16. Rd1 Rd6 17. c3 Bb6 18. Ke2 Rfd8 19. Rxd6 Rxd6 20. f3 Re6+ 21. Kd2 Be3+ 22. Kd3 Bf4 23. h5 Re3+ 24. Kd4 Re2 25. hxg6 hxg6 26. g4 Bd6 27. Rf1 Kg7 28. Kd3 Rg2 29. a3 Kf6 30. c4 Kg5 31. c5 Be5 32. Ke4 Bxb2 33. Rd1 Re2+ 34. Kd3 Rh2 35. Kc4 Bxa3 36. Kb3 Bxc5 37. Nxc5 Kf4 38. Rf1 Rh3 39. Nd3+ Ke3 0-1

[Event "Titled Tuesday intern op 13th Sep Late"]
[Site "Chess.com INT"]
[Date "2022.09.13"]
[Round "5"]
[White "Savic, Miroslav"]
[Black "Haitin, Ilja"]
[Result "0-1"]
[WhiteElo "2209"]
[BlackElo "2321"]
[PlyCount "82"]
[EventDate "2022.09.13"]
[EventType "swiss (blitz)"]
[EventRounds "11"]
[EventCountry "USA"]
[SourceTitle "EXT 2023"]
[Source "ChessBase"]
[SourceDate "2022.10.05"]
[SourceVersion "1"]
[SourceVersionDate "2022.10.05"]
[SourceQuality "1"]

1. Nf3 d5 2. d4 Nf6 3. c4 c6 4. e3 a6 5. Nc3 Bf5 6. Qb3 Ra7 7. Ne5 e6 8. c5 Be7 9. f4 0-0 10. Be2 Nbd7 11. 0-0 Ne4 12. Nxe4 Bxe4 13. Bd3 f5 14. Bxe4 fxe4 15. Bd2 Nxe5 16. fxe5 Qd7 17. Rxf8+ Bxf8 18. Rf1 Be7 19. Qd1 Ra8 20. Qh5 Rf8 21. Rxf8+ Bxf8 22. Ba5 g6 23. Qg5 Be7 24. Qg4 Kg7 25. Be1 h5 26. Qe2 Qd8 27. b4 Bg5 28. a4 Qf8 29. h4 Bh6 30. Qf2 Qd8 31. g3 Qd7 32. Qe2 Kh7 33. Bf2 Qe8 34. g4 hxg4 35. Qxg4 Qf7 36. Kf1 Bxe3 37. Qg3 Qxf2+ 38. Qxf2 Bxf2 39. Kxf2 Kh6 40. Kg3 Kh5 41. b5 axb5 0-1

[Event "Titled Tuesday intern op 14th Jun Late"]
[Site "Chess.com INT"]
[Date "2022.06.14"]
[Round "7"]
[White "Kostiukov, Alexandr"]
[Black "Savic, Miroslav"]
[Result "1-0"]
[WhiteElo "2271"]
[BlackElo "2209"]
[PlyCount "163"]
[EventDate "2022.06.14"]
[EventType "swiss (blitz)"]
[EventRounds "11"]
[EventCountry "USA"]
[SourceTitle "EXT 2023"]
[Source "ChessBase"]
[SourceDate "2022.10.05"]
[SourceVersion "1"]
[SourceVersionDate "2022.10.05"]
[SourceQuality "1"]

1. g3 e5 2. Bg2 Nf6 3. c4 h5 4. h3 Nc6 5. Nc3 Bb4 6. Nd5 Nxd5 7. cxd5 Ne7 8. Nf3 e4 9. Ng5 Nxd5 10. Nxe4 0-0 11. a3 Be7 12. e3 g6 13. 0-0 d6 14. b4 Nf6 15. Ng5 Nh7 16. Nxh7 Kxh7 17. Bb2 Bf6 18. Bxf6 Qxf6 19. Qc2 c6 20. Rab1 a6 21. a4 d5 22. d3 Bf5 23. e4 dxe4 24. dxe4 Be6 25. f4 Qd4+ 26. Kh1 Rad8 27. f5 Bc4 28. Rfd1 Bd3 29. Qb3 Qc4 30. Qxc4 Bxc4 31. Rdc1 Bd3 32. Rb3 Rfe8 33. fxg6+ fxg6 34. Re1 Bc4 35. Rbe3 Re5 36. a5 Rd3 37. Rxd3 Bxd3 38. Re3 Bb5 39. Kg1 Kg7 40. Kf2 Kf6 41. Rc3 Ke6 42. Ke3 Kf6 43. Rc5 Rxc5 44. bxc5 Ke5 45. h4 Bc4 46. Bh3 Be6 47. Bxe6 Kxe6 48. Kf4 Kf6 49. e5+ Ke6 50. Kg5 Kxe5 51. Kxg6 Kd5 52. Kxh5 Kxc5 53. g4 b5 54. g5 b4 55. g6 b3 56. g7 b2 57. g8Q b1Q 58. Qg5+ Kb4 59. Kh6 Qe4 60. h5 Qe6+ 61. Qg6 Qe3+ 62. Kh7 Qe7+ 63. Kg8 Qd8+ 64. Kf7 Qd7+ 65. Kf8 Qd8+ 66. Qe8 Qf6+ 67. Qf7 Qh6+ 68. Ke8 Qe3+ 69. Qe7+ Qxe7+ 70. Kxe7 c5 71. h6 c4 72. h7 c3 73. h8Q c2 74. Qb2+ Kxa5 75. Qxc2 Kb5 76. Qa2 a5 77. Kd6 Kb4 78. Kd5 a4 79. Kd4 a3 80. Kd3 Ka4 81. Kc3 Kb5 82. Qxa3 1-0

[Event "Titled Tuesday intern op 14th Jun Late"]
[Site "Chess.com INT"]
[Date "2022.06.14"]
[Round "2"]
[White "Ocelak, Jakub"]
[Black "Savic, Miroslav"]
[Result "1-0"]
[WhiteElo "2107"]
[BlackElo "2209"]
[PlyCount "55"]
[EventDate "2022.06.14"]
[EventType "swiss (blitz)"]
[EventRounds "11"]
[EventCountry "USA"]
[SourceTitle "EXT 2023"]
[Source "ChessBase"]
[SourceDate "2022.10.05"]
[SourceVersion "1"]
[SourceVersionDate "2022.10.05"]
[SourceQuality "1"]

1. d4 Nf6 2. Nc3 e6 3. Bf4 Bb4 4. Qd3 Bxc3+ 5. Qxc3 0-0 6. f3 Nd5 7. Qd2 Nxf4 8. Qxf4 d5 9. e3 c5 10. c3 Nc6 11. Bd3 cxd4 12. exd4 e5 13. dxe5 Nxe5 14. 0-0-0 Nxd3+ 15. Rxd3 Be6 16. Ne2 Qa5 17. a3 b5 18. Qb4 Qb6 19. Qd4 Qc6 20. Nf4 Rfd8 21. Re1 a5 22. Rde3 Qd6 23. Nh5 Qf8 24. Re5 Qd6 25. Rxe6 Qf8 26. R6e5 Qd6 27. Re8+ Rxe8 28. Qxg7# 1-0

[Event "Titled Tuesday intern op 14th Jun Late"]
[Site "Chess.com INT"]
[Date "2022.06.14"]
[Round "1"]
[White "Voege, Tobias"]
[Black "Savic, Miroslav"]
[Result "1-0"]
[WhiteElo "2304"]
[BlackElo "2209"]
[PlyCount "53"]
[EventDate "2022.06.14"]
[EventType "swiss (blitz)"]
[EventRounds "11"]
[EventCountry "USA"]
[SourceTitle "EXT 2023"]
[Source "ChessBase"]
[SourceDate "2022.10.05"]
[SourceVersion "1"]
[SourceVersionDate "2022.10.05"]
[SourceQuality "1"]

1. d4 Nf6 2. c4 e6 3. Nc3 Bb4 4. f3 Bxc3+ 5. bxc3 d5 6. cxd5 exd5 7. Qc2 0-0 8. e3 c5 9. Bd3 c4 10. Bf5 Re8 11. Ne2 Nc6 12. 0-0 b5 13. Rb1 Rb8 14. Bxc8 Qxc8 15. Ng3 b4 16. Nf5 Qe6 17. g4 bxc3 18. Rxb8 Rxb8 19. Qxc3 Nb4 20. Qa3 Nd3 21. Qxa7 Qb6 22. Qxb6 Rxb6 23. g5 g6 24. Ne7+ Kf8 25. gxf6 Rb1 26. Ba3 Ke8 27. Rxb1 1-0

[Event "CRO-chT2 West"]
[Site "Rijeka"]
[Date "2020.09.12"]
[Round "1.2"]
[White "Savic, Miroslav"]
[Black "Tomic, Boris"]
[Result "0-1"]
[WhiteElo "2216"]
[BlackElo "2081"]
[PlyCount "124"]
[EventDate "2020.09.12"]
[EventType "team-tourn"]
[EventRounds "9"]
[EventCountry "CRO"]
[SourceTitle "EXT 2022"]
[Source "ChessBase"]
[SourceDate "2021.10.06"]
[SourceVersion "1"]
[SourceVersionDate "2021.10.06"]
[SourceQuality "1"]
[WhiteTeam "Senj Velebit"]
[BlackTeam "Mali Losinj"]
[WhiteTeamCountry "CRO"]
[BlackTeamCountry "CRO"]

1. Nf3 c5 2. c4 Nc6 3. Nc3 g6 4. g3 Bg7 5. Bg2 d6 6. 0-0 e5 7. e4 Nge7 8. d3 0-0 9. Nd5 h6 10. h3 Rb8 11. Be3 f5 12. Qd2 g5 13. Nxe7+ Qxe7 14. exf5 Bxf5 15. Nh2 Qd7 16. g4 Be6 17. Rae1 b5 18. b3 b4 19. h4 gxh4 20. Bxh6 Nd4 21. Be3 h3 22. Bh1 Bxg4 23. Bxd4 cxd4 24. Qg5 Be6 25. Be4 Rf4 26. Kh1 Qf7 27. Rg1 Kf8 28. f3 Bf6 29. Qh6+ Ke7 30. Bg6 Qg7 31. Qxg7+ Bxg7 32. Re4 Rbf8 33. Bh7 Bh6 34. Rxf4 Rxf4 35. Be4 Rh4 36. Ng4 Bxg4 37. fxg4 Kf6 38. Rf1+ Bf4 39. Bf5 Kg5 40. Rg1 Rh8 41. Be4 Rf8 42. Rf1 a5 43. Bf3 Rf7 44. Rf2 Ra7 45. Bd1 Kh4 46. Re2 Be3 47. Re1 Rf7 48. Be2 Kg3 49. g5 Rg7 50. Rf1 Bf2 51. c5 dxc5 52. Rc1 Rxg5 53. Rxc5 h2 54. Rc8 Kf4 55. Kxh2 Ke3 56. Bf1 Rg1 57. Bh3 Kxd3 58. Rf8 Be3 59. Bf5+ Ke2 60. Re8 Rg7 61. Rxe5 d3 62. Rd5 d2 0-1

[Event "Titled Tuesday intern op 26th May"]
[Site "Chess.com INT"]
[Date "2020.05.26"]
[Round "1"]
[White "Karas, Marek"]
[Black "Savic, Miroslav"]
[Result "1-0"]
[WhiteElo "2244"]
[BlackElo "2232"]
[PlyCount "117"]
[EventDate "2020.05.26"]
[EventType "swiss (blitz)"]
[EventRounds "10"]
[EventCountry "USA"]
[SourceTitle "CBM 196 Extra"]
[Source "ChessBase"]
[SourceDate "2020.07.31"]
[SourceVersion "1"]
[SourceVersionDate "2020.07.31"]
[SourceQuality "1"]

1. d4 Nf6 2. Nf3 e6 3. Bf4 c5 4. e3 Qb6 5. Nc3 a6 6. Rb1 Nc6 7. Be2 cxd4 8. exd4 Bb4 9. 0-0 d5 10. a3 Bxc3 11. bxc3 Qd8 12. c4 Ne4 13. Qd3 0-0 14. cxd5 exd5 15. c4 Bf5 16. Rfe1 Ng3 17. Qd1 Nxe2+ 18. Qxe2 Bxb1 19. Rxb1 Re8 20. Qd3 Na5 21. c5 Qe7 22. h3 Nc4 23. Ne5 Nxe5 24. Bxe5 f6 25. Bd6 Qe4 26. Qd1 Rad8 27. Rxb7 Qe1+ 28. Qxe1 Rxe1+ 29. Kh2 Rc1 30. Rb6 a5 31. Ra6 a4 32. Rxa4 Rc4 33. Ra7 Rxd4 34. c6 Rc4 35. Be7 Rc8 36. Rd7 R4xc6 37. Rxd5 Kf7 38. Bb4 Ke6 39. Rd3 Rc2 40. Kg3 Kf5 41. Rd5+ Kg6 42. h4 h5 43. Rd7 Rb2 44. Rd3 Rc4 45. Re3 Rg4+ 46. Kf3 Rxh4 47. g3 Rhxb4 48. axb4 Rxb4 49. Kg2 Kg5 50. Rd3 g6 51. Rd5+ f5 52. Rd8 h4 53. Rd3 Kh5 54. Re3 g5 55. Rf3 Kg4 56. Re3 h3+ 57. Kh2 Rb2 58. Kg1 h2+ 59. Kg2 1-0

[Event "Titled Tuesday intern op 26th May"]
[Site "Chess.com INT"]
[Date "2020.05.26"]
[Round "7"]
[White "Savic, Miroslav"]
[Black "Stojanovski, Sandi"]
[Result "0-1"]
[WhiteElo "2232"]
[BlackElo "2232"]
[PlyCount "76"]
[EventDate "2020.05.26"]
[EventType "swiss (blitz)"]
[EventRounds "10"]
[EventCountry "USA"]
[SourceTitle "CBM 196 Extra"]
[Source "ChessBase"]
[SourceDate "2020.07.31"]
[SourceVersion "1"]
[SourceVersionDate "2020.07.31"]
[SourceQuality "1"]

1. Nf3 Nf6 2. c4 e6 3. Nc3 d5 4. d4 Bb4 5. Bg5 h6 6. Bxf6 Qxf6 7. e3 0-0 8. Qb3 c5 9. a3 Bxc3+ 10. bxc3 dxc4 11. Bxc4 Nc6 12. 0-0 Na5 13. Qa4 Nxc4 14. Qxc4 cxd4 15. cxd4 b6 16. Ne5 Bb7 17. f3 Rfc8 18. Qd3 Rc7 19. Rfc1 Rac8 20. Qd2 Qe7 21. h3 f6 22. Ng6 Rxc1+ 23. Rxc1 Qxa3 24. Rxc8+ Bxc8 25. Kh1 Bd7 26. e4 a5 27. e5 Kh7 28. Qc2 f5 29. Qc7 Qa1+ 30. Kh2 Qxd4 31. Nf8+ Kg8 32. Nxd7 Qd5 33. Qd8+ Kh7 34. Nf8+ Kg8 35. Nd7+ Kf7 36. Qf8+ Kg6 37. Qe8+ Kh7 38. Nf8+ Kg8 0-1